000 03747nam a22004817a 4500
005 20080606143947.0
008 080606t xxu||||| |||| 00| 0 eng d
010 _aB-265418-436
020 _a8179633071
_c195.00
035 _aB-265418-436
037 _bBlue Berry / 8.5.08 / 5 / 8.4.08 / 5.6.08
040 _aDPL
_bEN
082 _a796
245 _aMy first complete book of games :
_bthinking games, indoor games, outdoor games
260 _aMumbai
_bShree Book Centre
_c2006
270 _bMumbai
_e400016
_a8, Kakad Industrial Estate, S. Keer Road, Off-L J Road, Matunga (W)
300 _a125p.:
_bcol. ill.
_c28 cm (Hb)
650 _aThinking Games
650 _aIndoor Games
650 _a Outdoor Games
942 _2ddc
_cCH
_h796
_mMYF
999 _c13374
_d13374